Topoľčianky nádvorie rekreačného kaštieľa : interiér : socha jeleňa v parku : Poľovnícky zámoček z r. 1910 : Kaštieľ, národná kultúrna pamiatka

Zobrazenie: Na striebornom podklade v bielom orámovaní pohľady na interiér, nádvorie a budovu kaštieľa, na sochu jeleňa a poľovnícky zámoček

Bibliographic Details
Other Authors: Zuzic, Izidor (fotograf) (Photographer), Zemiar, Bohuslav, 1952- (Photographer)
Format: Photo
Language:Slovak
PhysicalDescription:1 pohľadnica (5 čiastkových pohľadov) farebná 15 x 11 cm
Published: Bratislava Pravda 1990
Subjects:

MARC

LEADER 00000ckm a2200000 a 4500
001 vtls001207740
003 SK-MaSNL
005 20260331203121.0
007 kf co
008 230718s1990 xo g 0kuslo
015 |a SNBG1990 
035 |a SNK000150810 
035 |a urn:nbn:sk:snk-km3lvyy 
035 |a 45EF6A0E-4970-44E7-815B-D74D0BD80E71 
035 |a urn:nbn:sk:snk-km00drpq 
040 |a SNK  |b slo  |c SNK  |e AACR2 
041 0 |a slo 
043 |a e-xo--- 
044 |a xo  |c SK 
072 7 |a 913  |x Regionálna geografia  |2 konspekt 
080 |a 913(437.6)  |2 2011 
080 |a 728.82  |2 2011 
080 |a 712.253  |2 2011 
080 |a 730  |2 2011 
080 |a 904(084.121)  |2 2011 
080 |a 904:72  |2 2011 
100 1 |a Zuzic, Izidor  |c (fotograf)  |4 pht  |9 283286 
245 1 0 |a Topoľčianky  |h grafika  |b nádvorie rekreačného kaštieľa : interiér : socha jeleňa v parku : Poľovnícky zámoček z r. 1910 : Kaštieľ, národná kultúrna pamiatka  |c foto Izidor Zuzic, Bohuslav Zemiar 
246 1 |i Názov na obrazovej časti:  |a Topolčianky 
260 |a Bratislava  |b Pravda  |c 1990 
300 |a 1 pohľadnica (5 čiastkových pohľadov)  |b farebná  |c 15 x 11 cm 
520 8 |a Zobrazenie: Na striebornom podklade v bielom orámovaní pohľady na interiér, nádvorie a budovu kaštieľa, na sochu jeleňa a poľovnícky zámoček 
610 1 7 |a Topoľčianky (Slovensko : kaštieľ)  |2 SNKKA  |9 172823 
610 2 7 |a Poľovnícky zámok (Topoľčianky, Slovensko)  |2 SNKPH  |9 183677 
650 0 7 |a parky  |2 SNKPH  |9 2942 
650 0 7 |a kaštiele  |2 SNKPH  |9 28599 
650 0 7 |a sochy  |2 SNKPH  |9 29846 
650 0 7 |a národné kultúrne pamiatky  |2 SNKPH  |9 31192 
650 0 7 |a zámky  |2 SNKPH  |9 3041 
651 7 |a Chránený areál Topoľčiansky park (Slovensko)  |2 SNKPHgeo  |9 178659 
651 7 |a Topoľčianky (Slovensko)  |2 SNKPHgeo  |9 31565 
655 7 |a pohľadnice kultúrnych pamiatok  |2 SNKPH  |9 70523 
655 7 |a miestne pohľadnice  |2 SNKPH  |9 70510 
700 1 |a Zemiar, Bohuslav,  |d 1952-  |4 pht  |9 47876 
852 |a Slovenská národná knižnica 
954 |a pohľadnice pôvodné (slovenské)  |2 lita 
958 |a GBN 
958 |a TL 
958 |a GC 
958 |a OND 
958 |a EUIPO 
999 |c 596352  |d 598282 
952 |a SNK  |b SNK  |y PREZ  |7 0  |p 17A1295354  |o snkSP 143977  |i snk5436/90  |0 0  |1 0  |4 0  |d 2019-02-19  |f 1  |l 0  |r 2026-02-23 15:39:37  |w 2026-02-23 
952 |a SNK  |b SNK  |y PREZ  |7 0  |p 17A1295350  |o snkSP 143977 D1  |i snk5437/90  |0 0  |1 0  |4 0  |d 2019-02-19  |l 0  |r 2026-02-23 15:39:37  |w 2026-02-23